Φιλοσοφικό λεξικό

Αποθηκεύτηκε σε:
Λεπτομέρειες βιβλιογραφικής εγγραφής
Κύριος συγγραφέας: Voltaire, 1694-1778
Άλλοι συγγραφείς: Ταμβίσκου, Φωτεινή (trlf), Τσελεντή, Ξανθίππη (trlf, edtf), Μανιάτης, Γιώργος (Επιμελητής έκδοσης)
Μορφή: Βιβλίο
Γλώσσα:Greek
French
Δημοσίευση: Αθήνα : Πιρόγα, [2001].
Θέματα:
Ετικέτες: Προσθήκη ετικέτας
Δεν υπάρχουν, Καταχωρήστε ετικέτα πρώτοι!

MARC

LEADER 00000cam a2200000 i 4500
001 1/45459
008 140404s2001 gr | ||| |||| ||gre||
020 |a 9608032636 
035 |l 10117306 
040 |a GR-MyUA  |b gre  |e AACR2 
041 1 |a gre  |h fre 
082 0 |a 190  |2 (23) 
100 1 |a Voltaire,   |d 1694-1778. 
245 1 0 |a Φιλοσοφικό λεξικό /   |c Βολταίρος ; μετάφραση Φωτεινή Ταμβίσκου, Ξανθίππη Τσελέντη ; εισαγωγή - σχόλια - επιμέλεια Ξανθίππη Τσελέντη, επιστημονική επιμέλεια Γιώργος Μανιάτης.  
260 |a Αθήνα :   |b Πιρόγα,   |c [2001].  
300 |a 549 σ. ;   |c 21 εκ.  
500 |a Τίτλος πρωτοτύπου: Dictionaire philosophique.  
600 1 0 |a Voltaire,   |d 1694-1778  |x Philosophy. 
650 0 0 |a Philosophy. 
700 1 |a Ταμβίσκου, Φωτεινή,  |e trlf 
700 1 |a Τσελεντή, Ξανθίππη,  |e trlf  |e edtf 
700 1 |a Μανιάτης, Γιώργος,  |e edt 
852 |a INST  |b LESVOS  |e 20140404  |h 190 VOL  |p 005100053952  |q 005100053952  |t BK  |y 0 
901 |a BIBL1-2014-1 
909 |a Λ  |b 179516 
922 |a 1ΕΛΗ  |b 201306  |c ΤΜΗΜΑ ΚΟΙΝΩΝΙΚΗΣ ΑΝΘΡΩΠΟΛΟΓΙΑΣ ΚΑΙ ΙΣΤΟΡΙΑΣ  |d ΙΩΑΝΝΙΔΟΥ 
970 |a ΤΖΑΦΕΡΗ  |b ΕΥΑΓΓΕΛΙΑ  |z 2014/04/04